Hra príhody Ťapka a Fúzika

Bibliographic Details
Main Author: Belašičová, Jana (Author)
Format: Article
Language:Slovak
Subjects:

MARC

LEADER 00000nab a2200000 a 4500
001 vtls010551991
003 SK-MaSNL
005 20260303085752.0
008 131018 2013xo m 000 0 slo
015 |a SNBBRB 2013/10 
038 |a KEKMK 
040 |a KEKMK  |b slo  |c KEKMK  |e AACR2 
041 |a slo 
044 |a xo  |c SK 
100 1 |a Belašičová, Jana  |4 aut  |9 211012 
245 1 0 |a Hra  |b príhody Ťapka a Fúzika  |c Jana Belašičová 
650 0 7 |a literatúra pre deti a mládež  |2 kekmk  |9 21893 
773 |t Zornička  |b časopis pre malých školákov  |g Roč. 65, č.2 (október 2013), s.30  |x 0139-8962 
958 |a DB 
999 |c 1800513  |d 1802443